Improved dose assessment in a nuclear reactor accident using the old and new ICRP methodologies /

Bibliographic Details
Main Author: Yoon, Suk-Chul, 1955-
Format: Thesis eBook
Language:English
Published: [Place of publication not identified] : [publisher not identified] ; 1987.
Subjects:
Online Access:Link to OAKTrust copy

MARC

Tag First Indicator Second Indicator Subfields
LEADER 00000cam a2200000 a 4500
001 in00000024764
005 20220103134634.0
007 cr unu a
008 880728s1987 xx a b 00010 eng d
035 |9 AAB4922AM 
035 |a (OCoLC)18282824 
040 |a TXA  |c TXA  |d UtOrBLW 
049 |a TXAZ [Also in] [Archives]  |c 1 [A10997345], 2 [A10997395] 
099 |a 1987  |a Thesis  |a Y59 
100 1 |a Yoon, Suk-Chul,  |d 1955- 
245 1 0 |a Improved dose assessment in a nuclear reactor accident using the old and new ICRP methodologies /  |c by Suk-Chul Yoon. 
264 1 |a [Place of publication not identified] :  |b [publisher not identified] ;  |c 1987. 
300 |a x, 165 leaves :  |b illustrations ;  |c 29 cm. 
336 |a text  |b txt  |2 rdacontent 
337 |a computer  |b c  |2 rdamedia 
338 |a online resource  |b cr  |2 rdacarrier 
500 |a "Major subject: Nuclear Engineering." 
500 |a Typescript (photocopy). 
500 |a Vita. 
502 |b M.S.  |c Texas A&M University  |d 1987. 
504 |a Bibliography: leaves 97-100. 
530 |a Also available online. 
650 0 |a Nuclear power plants  |x Accidents. 
650 0 |a Radiation dosimetry. 
650 4 |a Major nuclear engineering. 
856 4 1 |u https://hdl.handle.net/1969.1/ETD-TAMU-1987-THESIS-Y59  |z Link to OAKTrust copy  |t 0 
999 |a MARS 
999 f f |s 6dba04c0-9b5c-39ec-a4da-3ab5b00206c6  |i eeeec061-38de-385e-aedd-4002111d77b7  |t 0 
952 f f |p noncirc  |a Texas A&M University  |b J.J. Pickle Campus  |c High Density Repository  |s HDR  |d Remote Storage  |t 0  |e 1987 Thesis Y59  |h Other scheme  |i computer -- online resource  |m A14839622593 
952 f f |a Texas A&M University  |b College Station  |c Electronic Resources  |s www_evans  |d Available Online  |t 0  |e 1987 Thesis Y59  |h Other scheme 
998 f f |a 1987 Thesis Y59  |t 0  |l Remote Storage 
998 f f |a 1987 Thesis Y59  |t 0  |l Available Online